000 00423nam a2200181Ia 4500
005 20250603145632.0
008 250603s9999 xx 000 0 und d
020 _a9781032415475
050 _aQD 101.2 .G67/
100 _aGosser, David K. Jr.
245 0 _aR for quantitative chemistry
260 _aBoca Raton
260 _bCRC Press
260 _c2024
300 _a110 p
650 _aBoca Raton
942 _cBK
999 _c42413
_d42413